Quizzes
Events
Quiz Creation
Community
Videos
Private Events
Remove Ads
Sign In
Join for FREE
Feedback
Dark Mode
Quiz Categories
Sports
Geography
Music
Movies
Television
Just For Fun
Miscellaneous
History
Literature
Language
Science
Gaming
Entertainment
Religion
Holiday
For Kids
Quiz Lab
Recent
Popular Today
Quiz Kudos Today
Editor Picks
Curator Picks
Quizzes by...
Day
Popularity
Type
Ratings
Length
Year
Community
Subscriptions
Recent Discussions
Orange Saloon
Badges
Playlists
Quests
Create
Leaderboards
Showdown
Live 5
Trivia Bingo
Activity
Puzzle Library
Sporcle Events
Private Events
Virtual Trivia
Globe League
Become a Host
Pub Owners
SporcleCon
Opinionation
Our Games
Videos
Blog
Mobile Apps
Partnerships
Remove Ads and Go Orange
Feedback
Sports
Athletes
MLB
NBA
NHL
NFL
Soccer
Sports Teams
WWE
NCAA
Football
Premier League
Basketball
Baseball
Hockey
Golf
Tennis
Cricket
Rugby
Auto Racing
Olympics
World Cup
Sports
Athletes
MLB
NBA
NHL
NFL
Soccer
Sports Teams
WWE
NCAA
Football
Premier League
Basketball
Baseball
Hockey
Golf
Tennis
Cricket
Rugby
Auto Racing
Olympics
World Cup
Random Quiz
Search Sporcle
×
Quiz Lab
Quiz Lab
Sports
opponent
Type in answers that appear in a list
Type in answers that appear in a list
Classic
Best Score? Go Orange.
ROH Opponents of Roderick Strong (2002 - 2007) Stats
Can you name the ROH Opponents of Roderick Strong?
By
randyorko3589
15m
298 Questions
199 Plays
199 Plays
199 Plays
Comments
Comments
Give Quiz Kudos
Give Quiz Kudos
-
- Ratings
hide this ad
Replay
Link that replays current quiz
Next Quiz
Link to next quiz in quiz playlist
You Got
0%
They Got
Avg Score
90%
Avg Friend Score
Upgrade to see
Score Distribution
Jump to the score distribution portion of the page
Score
0/298
Timer
15:00
0
Plays Today
Event
Opponent
% Correct
Midnight Express Reunion
CM Punk
98.5%
Weekend of Thunder: Night 2
CM Punk
98.5%
Final Battle 2004
CM Punk
98.5%
Trios Tournament
CM Punk
98.5%
The Future Is Now
CM Punk
98.5%
Escape From New York
CM Punk
98.5%
Survival of the Fittest 2005
Samoa Joe
98%
This Means War
Bryan Danielson
98%
Vendetta
Bryan Danielson
98%
A Night of Tribute
Samoa Joe
98%
Hell Freezes Over
Bryan Danielson
98%
Tag Wars 2006
Bryan Danielson
98%
Supercard Of Honor
Bryan Danielson
98%
Weekend of Champions: Night 1
Samoa Joe
98%
Anarchy In The UK
Bryan Danielson
98%
Epic Encounter II
Samoa Joe
98%
Glory By Honor V: Night 1
Samoa Joe
98%
Reborn Again
Bryan Danielson
98%
Race to the Top Tournament: Night 2
Bryan Danielson
98%
Survival of the Fittest 2005
Austin Aries
97.5%
Survival of the Fittest 2005
Christopher Daniels
97.5%
Gut Check
Christopher Daniels
97.5%
The Chicago Spectacular: Night 2
Christopher Daniels
97.5%
Fifth Year Festival: New York
Christopher Daniels
97.5%
Fifth Year Festival: Chicago
Austin Aries
97.5%
Supercard of Honor II
Austin Aries
97.5%
This Means War II
Austin Aries
97.5%
The Battle of St Paul
Christopher Daniels
97.5%
Race to the Top Tournament: Night 1
Austin Aries
97.5%
Race to the Top Tournament: Night 2
Austin Aries
97.5%
Death Before Dishonor V: Night 1
Austin Aries
97.5%
Death Before Dishonor V: Night 2
Austin Aries
97.5%
Manhattan Mayhem II
Austin Aries
97.5%
Undeniable
Austin Aries
97.5%
Survival of the Fittest 2007
Austin Aries
97.5%
Reckless Abandon
Austin Aries
97.5%
Survival of the Fittest 2004
Josh Daniels
97%
ROH Gold
Josh Daniels
97%
Generation Next
Jay Briscoe
96.5%
Generation Next
Mark Briscoe
96.5%
Best in the World
Jay Briscoe
96.5%
Best in the World
Mark Briscoe
96.5%
How We Roll
Mark Briscoe
96.5%
Ring of Homicide
Jay Briscoe
96.5%
Ring of Homicide
Mark Briscoe
96.5%
Destiny
Jay Briscoe
96.5%
Destiny
Mark Briscoe
96.5%
War of the Wire II
Jay Briscoe
96.5%
War of the Wire II
Mark Briscoe
96.5%
Fight of the Century
Jay Briscoe
96.5%
Fight of the Century
Mark Briscoe
96.5%
Unified
Jay Briscoe
96.5%
Unified
Mark Briscoe
96.5%
Survival of the Fittest 2006
Jay Briscoe
96.5%
Survival of the Fittest 2006
Mark Briscoe
96.5%
Suffocation
Mark Briscoe
96.5%
Dedicated
Jay Briscoe
96.5%
Dedicated
Mark Briscoe
96.5%
Fifth Year Festival: Dayton
Mark Briscoe
96.5%
Race to the Top Tournament: Night 2
Mark Briscoe
96.5%
Glory By Honor VI: Night 1
Jay Briscoe
96.5%
Glory By Honor VI: Night 1
Mark Briscoe
96.5%
Unscripted III
Jay Briscoe
96.5%
Unscripted III
Mark Briscoe
96.5%
Rising Above 2007
Jay Briscoe
96.5%
Rising Above 2007
Mark Briscoe
96.5%
Do or Die II
Hydro
95.5%
Round Robin Challenge III
Hydro
95.5%
ROH Gold
Nigel McGuinness
95.5%
Glory By Honor IV
Nigel McGuinness
95.5%
In Your Face
Nigel McGuinness
95.5%
Death Before Dishonor IV
Nigel McGuinness
95.5%
All Star Extravaganza II
Colt Cabana
95%
Trios Tournament
Colt Cabana
95%
Survival of the Fittest 2005
Colt Cabana
95%
Survival of the Fittest 2005
Jay Lethal
95%
A Night of Tribute
Jay Lethal
95%
Tag Wars 2006
Jay Lethal
95%
In Your Face
Colt Cabana
95%
Death Before Dishonor II: Night1
Jimmy Jacobs
94.5%
Midnight Express Reunion
Jimmy Jacobs
94.5%
All Star Extravaganza II
Jimmy Jacobs
94.5%
Manhattan Mayhem
Jimmy Jacobs
94.5%
The Final Showdown
Alex Shelley
94.5%
Nowhere To Run
Alex Shelley
94.5%
New Frontiers
Alex Shelley
94.5%
Fate of an Angel
AJ Styles
94.5%
The Homecoming
Alex Shelley
94.5%
Redemption
Alex Shelley
94.5%
Buffalo Stampede
Alex Shelley
94.5%
Steel Cage Warfare
Alex Shelley
94.5%
Dissension
Jimmy Jacobs
94.5%
4th Anniversary Show
AJ Styles
94.5%
Weekend of Champions: Night 2
Alex Shelley
94.5%
Chi-
Town Struggle
Jimmy Jacobs
94.5%
Glory By Honor III
BJ Whitmer
94%
Joe v.s. Punk II
Homicide
94%
Trios Tournament
Homicide
94%
Back To Basics
Homicide
94%
Manhattan Mayhem
BJ Whitmer
94%
Event
Opponent
% Correct
Hell Freezes Over
Homicide
94%
Unscripted II
BJ Whitmer
94%
The 100th Show
Homicide
94%
Time To Man Up
BJ Whitmer
94%
Time To Man Up
Homicide
94%
Epic Encounter II
BJ Whitmer
94%
Generation Now
Davey Richards
93.5%
Glory By Honor V: Night 2
Chris Hero
93.5%
Glory By Honor V: Night 2
Claudio Castagnoli
93.5%
Suffocation
Chris Hero
93.5%
Honor Reclaims Boston
Davey Richards
93.5%
The Bitter End
Chris Hero
93.5%
The Bitter End
Claudio Castagnoli
93.5%
Black Friday Fallout
Chris Hero
93.5%
Black Friday Fallout
Claudio Castagnoli
93.5%
International Challenge
Davey Richards
93.5%
Battle of the Icons
Davey Richards
93.5%
Fifth Year Festival: Dayton
Claudio Castagnoli
93.5%
Survival of the Fittest 2007
Chris Hero
93.5%
Survival of the Fittest 2007
Claudio Castagnoli
93.5%
Chaos At The Cow Palace
Claudio Castagnoli
93.5%
Generation Next
Jimmy Rave
93%
World Title Classic
Jimmy Rave
93%
Redemption
Jimmy Rave
93%
Night of the Grudges II
Jimmy Rave
93%
Dragon Gate Invasion
Jimmy Rave
93%
Joe v.s. Kobashi
Jimmy Rave
93%
Buffalo Stampede
Jimmy Rave
93%
Steel Cage Warfare
Jimmy Rave
93%
Weekend of Champions: Night 2
Jimmy Rave
93%
Time To Man Up
Jimmy Rave
93%
Race to the Top Tournament: Night 1
Jimmy Rave
93%
Motor City Madness 2007
Kevin Steen
92.5%
Stalemate
El Generico
92%
Throwdown
KENTA
92%
Honor Reclaims Boston
KENTA
92%
4th Anniversary Show
Matt Sydal
91.5%
Weekend of Champions: Night 1
Matt Sydal
91.5%
Fight of the Century
Jack Evans
91.5%
Fight of the Century
Matt Sydal
91.5%
Gut Check
Matt Sydal
91.5%
The Chicago Spectacular: Night 1
Matt Sydal
91.5%
Final Battle 2006
Matt Sydal
91.5%
Fifth Year Festival: New York
Matt Sydal
91.5%
All Star Extravaganza III
Jack Evans
91.5%
Fighting Spirit
Jack Evans
91.5%
Good Times, Great Memories
Jack Evans
91.5%
Live in Osaka
Jack Evans
91.5%
Race to the Top Tournament: Night 2
Matt Sydal
91.5%
Caged Rage
Jack Evans
91.5%
Manhattan Mayhem II
Jack Evans
91.5%
Honor Nation
Jack Evans
91.5%
Glory By Honor VI: Night 2
Jack Evans
91.5%
This Means War II
Erick Stevens
91%
Reborn Again
Erick Stevens
91%
A Fight At The Roxbury
Erick Stevens
91%
United We Stand
Erick Stevens
91%
Driven 2007
Erick Stevens
91%
Death Before Dishonor V: Night 1
Erick Stevens
91%
Death Before Dishonor V: Night 2
Erick Stevens
91%
Motor City Madness 2007
Erick Stevens
91%
Man Up
Erick Stevens
91%
Unscripted III
Erick Stevens
91%
Final Battle 2007
Erick Stevens
91%
Redemption
Abyss
90.5%
Buffalo Stampede
Abyss
90.5%
Steel Cage Warfare
Abyss
90.5%
Domination
Takeshi Morishima
90.5%
Glory By Honor III
Rocky Romero
89.9%
Joe v.s. Punk II
Rocky Romero
89.9%
Weekend of Thunder: Night 1
Rocky Romero
89.9%
Final Battle 2004
Steve Corino
89.9%
3rd Anniversary Celebration: Night 1
Steve Corino
89.9%
Trios Tournament
Steve Corino
89.9%
Trios Tournament
Rocky Romero
89.9%
Nowhere To Run
Delirious
89.9%
Battle of the Icons
Delirious
89.9%
Fifth Year Festival: Philadelphia
Delirious
89.9%
Fighting Spirit
Delirious
89.9%
Respect Is Earned 2007
Delirious
89.9%
A Fight At The Roxbury
Delirious
89.9%
Driven 2007
Delirious
89.9%
Live in Tokyo
Delirious
89.9%
Death Before Dishonor V: Night 2
Delirious
89.9%
Motor City Madness 2007
Delirious
89.9%
Survival of the Fittest 2007
Rocky Romero
89.9%
Best of the American Super Juniors
James Gibson
89.4%
Unforgettable
James Gibson
89.4%
Scramble Cage Melee
Ace Steel
88.9%
Midnight Express Reunion
Ace Steel
88.9%
Weekend of Thunder: Night 2
Ace Steel
88.9%
Steel Cage Warfare
Prince Nana
88.9%
Glory By Honor III
Ricky Reyes
87.9%
Glory By Honor III
Dan Maff
87.9%
Weekend of Thunder: Night 1
Ricky Reyes
87.9%
Trios Tournament
Ricky Reyes
87.9%
Showdown in Motown
Sal Rinauro
87.9%
Final Battle 2005
Tony Mamaluke
87.9%
Final Battle 2005
Sal Rinauro
87.9%
The 100th Show
Ricky Reyes
87.9%
Event
Opponent
% Correct
Time To Man Up
Sal Rinauro
87.9%
Time To Man Up
Ricky Reyes
87.9%
Generation Next
Izzy
87.4%
Reborn: Completion
Izzy
87.4%
3rd Anniversary Celebration: Night 1
Izzy
87.4%
Punk: The Final Chapter
Matt Hardy
87.4%
Dragon Gate Invasion
Spanky
87.4%
Time To Man Up
Adam Pearce
87.4%
Survival of the Fittest 2007
Brent Albright
87.4%
Round Robin Challenge III
Izzy
86.9%
Generation Next
Dixie
86.9%
Reborn: Completion
Dixie
86.9%
Testing The Limit
Izzy
86.9%
Best of the American Super Juniors
Izzy
86.9%
Death Before Dishonor III
Izzy
86.9%
Dragon Gate Challenge
CIMA
86.9%
Dragon Gate Challenge
Naruki Doi
86.9%
Better Than Our Best
CIMA
86.9%
Better Than Our Best
Naruki Doi
86.9%
Irresistable Forces
SHINGO
86.9%
Dethroned
SHINGO
86.9%
The Chicago Spectacular: Night 1
SHINGO
86.9%
The Chicago Spectacular: Night 2
Matt Cross
86.9%
Final Battle 2006
CIMA
86.9%
Final Battle 2006
SHINGO
86.9%
Battle of the Icons
SHINGO
86.9%
Fifth Year Festival: Dayton
Matt Cross
86.9%
Fifth Year Festival: Dayton
SHINGO
86.9%
Fifth Year Festival: Chicago
Matt Cross
86.9%
Fifth Year Festival: Finale
Naruki Doi
86.9%
Fifth Year Festival: Finale
SHINGO
86.9%
This Means War II
Matt Cross
86.9%
Reborn Again
Matt Cross
86.9%
United We Stand
Matt Cross
86.9%
Driven 2007
Matt Cross
86.9%
Death Before Dishonor V: Night 2
Matt Cross
86.9%
A Fight At The Roxbury
Matt Cross
86.9%
Round Robin Challenge III
John Walters
86.4%
Generation Next
John Walters
86.4%
World Title Classic
John Walters
86.4%
Survival of the Fittest 2004
John Walters
86.4%
Death Before Dishonor II: Night 1
John Walters
86.4%
Death Before Dishonor II: Night 2
John Walters
86.4%
Midnight Express Reunion
John Walters
86.4%
3rd Anniversary Celebration: Night 1
Dixie
86.4%
Best of the American Super Juniors
Dixie
86.4%
Honor Nation
Jigsaw
86.4%
Glory By Honor VI: Night 2
Jigsaw
86.4%
Honor Nation
Ruckus
85.9%
Glory By Honor VI: Night 2
Ruckus
85.9%
Glory By Honor III
DeVito
85.4%
Glory By Honor III
Loc
85.4%
3rd Anniversary Celebration: Night 1
DeVito
85.4%
3rd Anniversary Celebration: Night 1
Loc
85.4%
Generation Now
Dave Crist
85.4%
Fight of the Century
Dave Crist
85.4%
Fight of the Century
Jake Crist
85.4%
Generation Now
Jake Crist
85.4%
Generation Next
Angel Dust
84.9%
Dragon Gate Challenge
Masato Yoshino
84.9%
Survival of the Fittest 2007
Human Tornado
84.9%
World Title Classic
Matt Stryker
84.4%
Death Before Dishonor II: Night 1
Matt Stryker
84.4%
Death Before Dishonor II: Night 2
Matt Stryker
84.4%
ROH Gold
Matt Stryker
84.4%
It All Begins
Shane Hagadorn
84.4%
Trios Tournament
Shane Hagadorn
84.4%
3rd Anniversary Celebration: Night 1
Deranged
83.9%
Trios Tournament
Davey Andrews
83.9%
Survival of the Fittest 2005
Jerrelle Clark
83.9%
Impact of Honor
Jerrelle Clark
83.9%
Generation Now
Jerrelle Clark
83.9%
Best of the American Super Juniors
Deranged
83.4%
Death Before Dishonor III
Deranged
83.4%
Fifth Year Festival: Dayton
Pelle Primeau
83.4%
3rd Anniversary Celebration: Night 1
Dunn
82.9%
3rd Anniversary Celebration: Night 1
Marcos
82.9%
Best of the American Super Juniors
Dunn
82.9%
Best of the American Super Juniors
Marcos
82.9%
Enter The Dragon
Jimmy Yang
82.9%
Arena Warfare
Jimmy Yang
82.9%
Fifth Year Festival: Liverpool
PAC
82.9%
The Homecoming
Eddie Vegas
81.4%
Showdown in Motown
Chad Collyer
81.4%
Impact of Honor
Jay Fury
81.4%
Round Robin Challenge III
Masada
80.9%
Race to the Top Tournament: Night 1
Gran Akuma
80.9%
3rd Anniversary Celebration: Night 1
Azrieal
79.4%
Best of the American Super Juniors
Azrieal
79.4%
Sign of Dishonor
Azrieal
79.4%
Round Robin Challenge III
Trent Acid
78.9%
Night of the Grudges II
Puma
78.9%
Trios Tournament
Anthony Franco
78.4%
Suffocation
Tank Toland
78.4%
It All Begins
Alex Law
77.9%
It All Begins
Ricky Landell
77.9%
It All Begins
Evan Starsmore
77.4%
Dissension
BJ Whitmer'Lacey's Angels
74.9%
Quiz Playlist
Details
Report
Send in Message
Add To Playlist
Classic:
Type in answers that appear in a list
Last Updated: Apr 5, 2017
Quiz Scoreboard
CHALLENGE
Sign Up to Join the Scoreboard
Show All
Scores
Hide
Comments
May contain spoilers
Recently Published
Presidents Visiting Landmarks
by Hejman
History
7m
An Introduction to Baseball
by treessimontrees
Sports
5m
Movies - When Are They Set?
by FPL_Elf
Movies
5m
More to Explore
Quiz From the Vault
Featured Blog Post
Where Did the Easter Bunny Come From?
hide this ad
You Might Also Like...
Tags
2002
2007
Event
opponent
roh
strong
Today's Top Quizzes in Sports
Browse Sports
hide this ad
Today's Top Quizzes in opponent
Browse opponent
Top Contributed Quizzes in Sports
1
Les meilleurs buteurs des matchs entre le PSG et l’OM
2
2022 World Cup Stars
3
FIFA Club World Cup Champions
4
Les entraîneurs de l'OM et du PSG au 21e siècle
5
Name the Premier League winners with different clubs
6
La finale Lions - Afrique du Sud 2021
7
5-to-1: UK Sports Teams
8
England Test cricketers to play under Nasser Hussain
9
Players with Multiple 50 Home Run Seasons
10
AFC Teams Reveal (Wrong Answers Minefield)
Explore More
Trending Topics
Marvel
Anime
NBA
Kpop
Crossword
Disney
Harry Potter
Song
The Office
Puzzle
WWE
NFL
Country
Soccer
Pokémon
hide this ad
More By:
randyorko3589
Quiz
Plays
Rating
Category
Featured
Created
PWI 500 Top 10 For Every Year
8,918
4.03
Sports
Jun 14, 2015
Wrestling Observer Award Winners Part 1
1,155
4.00
Sports
Jun 21, 2015
Highest rated match(es) for every WWE PPV
877
2.71
Sports
Jun 20, 2015
AJPW Real World Tag League Participants (1977-2010)
861
5.00
Sports
Mar 19, 2015
Wrestling Observer Award Winners & Runner Ups (2016 A)
655
4.83
Sports
Mar 7, 2017
Go to Creator's Profile
Score Distribution
Quiz Creator Spotlight
randyorko3589
Follow
Send a Message
Quizzes Created
-
Created Quiz Play Count
-
More By This Creator
Popular Quizzes Today
1
Find the US States - No Outlines Minefield
2
Find the Countries of Europe - No Outlines Minefield
3
The Countries of the World
4
Find the US States
5
Popular People in 1961
6
US States
7
Risky Map Clicking: Biggest States A-Z
8
1-10 Letter E Words III
More Sports Quizzes
Passing Yards in Loss
Curator's Pick
Trending Quizzes
Risky Map Clicking: Least Populous States A-Z
1-10 Letter G Words
1-10 Letter F Words
Risky Map Clicking: Next State Alphabetically
Risky Map Clicking: Biggest States A-Z
Recently Updated
Leaping Animals
pecheneg
Reality TV Shows (A-Z)
bhenderson79
Rickey Henderson's Hall of Fame Teammates
pecheneg
Champions League XIs: Arsenal
pecheneg
Quick Pick: Celebrities in WWE's Hall of Fame
aduchscher
A-Z Keypad Blitz II
pecheneg
Multiple Oscar Actors
pecheneg
Mystery Phrase Blitz: Oscar 'Best Actors'
pecheneg
F. Scott Fitzgerald Novels
LTH
Pick 3 Villains
ddd62291
Trending Topics
Harry Potter
Crossword
Marvel
Kpop
Anime
Disney
NBA
Pokémon
The Office
WWE
Puzzle
Song
NFL
Country
Soccer
Your Account Isn't Verified!
In order to create a playlist on Sporcle, you need to verify the email address you used during registration. Go to your
Sporcle Settings
to finish the process.
Report this User
Report this user for behavior that violates our
Community Guidelines
.
Details:
Send Report
Go to the Sporcle.com Mobile Site →
Comments